[Event "EICC 2017"]
[Site "Minsk"]
[Date "2017.06.02"]
[Round "4"]
[White "Mastrovasilis, Dimitrios"]
[Black "Volokitin, Andrei"]
[Result "1-0"]
[WhiteElo "2580"]
[BlackElo "2649"]
[Annotator "TA"]
[PlyCount "43"]
[EventDate "2017.??.??"]
[EventCountry "BLR"]
[SourceTitle "playchess.com"]
[Source "ChessBase"]
[SourceQuality "1"]

1. e4 c5 2. Nf3 d6 3. Bb5+ Nd7 4. d4 Ngf6 5. e5 Qa5+ 6. Nc3 Ne4 7. Rb1 a6 8. Bxd7+ Bxd7 9. O-O Nxc3 10. bxc3 e6 11. d5 Qxa2 12. Rb3 exd5 13. exd6 Be6 14. d7+ Bxd7 15. Re1+ Be6 16. Qxd5 Be7 17. Qxb7 Rd8 18. Ng5 Bxg5 19. Qc6+ Rd7 20. Rxe6+ fxe6 21. Qxe6+ Kd8 22. Rb8+ 1-0

[Event "EICC 2017"]
[Site "Minsk"]
[Date "2017.06.02"]
[Round "4"]
[White "Shevchenko, Kirill"]
[Black "Shimanov, Aleksandr"]
[Result "0-1"]
[WhiteElo "2491"]
[BlackElo "2642"]
[Annotator "TA"]
[PlyCount "80"]
[EventDate "2017.??.??"]
[EventCountry "BLR"]
[SourceTitle "playchess.com"]
[Source "ChessBase"]
[SourceQuality "1"]

1. e4 c6 2. d4 d5 3. e5 Bf5 4. Nf3 e6 5. Be2 c5 6. O-O Nc6 7. c3 Bg6 8. a3 cxd4 9. cxd4 Nge7 10. Nc3 Nc8 11. Be3 Nb6 12. Rc1 Be7 13. b4 O-O 14. Ne1 a5 15. b5 Nb8 16. Qb3 a4 17. Qa2 N8d7 18. Nc2 Nc4 19. Bxc4 dxc4 20. Qb2 f6 21. Rfd1 Qe8 22. exf6 Nxf6 23. Nb4 Ng4 24. Qe2 Nxe3 25. Qxe3 Bd6 26. g3 Bh5 27. Re1 Rf3 28. Qe4 Qf7 29. d5 Bc5 30. Nd1 Rxf2 31. Ne3 Qf3 32. Qxf3 Rxf3 33. Nbc2 Bg6 34. Kg2 Be4 35. Kh3 exd5 36. Rcd1 c3 37. Re2 Re8 38. Rde1 Bd3 39. Rg2 Bxe3 40. Kg4 Bxc2 0-1

[Event "EICC 2017"]
[Site "Minsk"]
[Date "2017.06.02"]
[Round "4"]
[White "Galliamova, Alisa"]
[Black "Pashikian, Arman"]
[Result "0-1"]
[WhiteElo "2456"]
[BlackElo "2603"]
[Annotator "TA"]
[PlyCount "126"]
[EventDate "2017.??.??"]
[EventCountry "BLR"]
[SourceTitle "playchess.com"]
[Source "ChessBase"]
[SourceQuality "1"]

1. d4 Nf6 2. c4 e6 3. Nc3 Bb4 4. e3 O-O 5. Bd3 d5 6. Nge2 dxc4 7. Bxc4 Be7 8. e4 c5 9. O-O Nc6 10. dxc5 Bxc5 11. Bg5 h6 12. Bh4 Ne5 13. Bb3 b6 14. Qxd8 Rxd8 15. Rad1 Ba6 16. Bg3 Nd3 17. Rd2 Nh5 18. Rfd1 Nxg3 19. Nxg3 Be7 20. Nf1 Rac8 21. Na4 b5 22. Nb6 axb6 23. Rxd3 Rxd3 24. Rxd3 b4 25. Rd2 Rc1 26. Rd1 Rxd1 27. Bxd1 Bd3 28. Ng3 Bb1 29. b3 Bg5 30. f3 Kf8 31. Kf2 Ke7 32. Ne2 Kd6 33. f4 Bd8 34. Ke3 e5 35. f5 Bg5+ 36. Kf3 Kc5 37. g3 h5 38. h4 Bh6 39. f6 g6 40. g4 hxg4+ 41. Kxg4 Bxe4 42. Ng3 Bb1 43. h5 Kd5 44. hxg6 fxg6 45. Kf3 e4+ 46. Kg4 Ke6 47. Ne2 Be3 48. Kg3 Kxf6 49. Kg4 Ke5 50. Kg3 g5 51. Kg2 Bf4 52. Kf2 g4 53. Kg1 g3 54. Kg2 e3 55. Nc1 Kd4 56. Bf3 Bd6 57. Kf1 Kc3 58. Ke2 Bc5 59. Bd5 Bg6 60. Ke1 Kb2 61. Ne2 Kxa2 62. Nxg3 Bc2 63. Ne2 Kb2 0-1

[Event "EICC 2017"]
[Site "Minsk"]
[Date "2017.06.02"]
[Round "4"]
[White "Baghdasaryan, Vahe"]
[Black "Neiksans, Arturs"]
[Result "*"]
[WhiteElo "2449"]
[BlackElo "2599"]
[Annotator "TA"]
[PlyCount "33"]
[EventDate "2017.??.??"]
[EventCountry "BLR"]
[SourceTitle "playchess.com"]
[Source "ChessBase"]
[SourceQuality "1"]

1. e4 e5 2. Bc4 Nf6 3. d3 Nc6 4. Nf3 Bc5 5. O-O a6 6. c3 Ba7 7. Nbd2 O-O 8. h3 d6 9. Bb3 Nh5 10. Re1 Nf4 11. Nf1 Qf6 12. Ng3 g5 13. d4 exd4 14. h4 gxh4 15. Nf5 Bxf5 16. exf5 Qxf5 17. Nxh4 *

[Event "EICC 2017"]
[Site "Minsk"]
[Date "2017.06.03"]
[Round "5"]
[White "Can, Emre"]
[Black "Asadli, Vugar"]
[Result "1-0"]
[WhiteElo "2589"]
[BlackElo "2439"]
[Annotator "TA"]
[PlyCount "54"]
[EventDate "2017.??.??"]
[EventCountry "BLR"]
[SourceTitle "playchess.com"]
[Source "ChessBase"]
[SourceQuality "1"]

1. d4 Nf6 2. c4 e6 3. Nf3 b6 4. g3 Ba6 5. b3 Bb4+ 6. Bd2 Be7 7. Nc3 d5 8. cxd5 exd5 9. Bg2 O-O 10. O-O Re8 11. Ne5 c6 12. Re1 Nfd7 13. Ng4 Nf8 14. e4 dxe4 15. Ne3 Bf6 16. Nxe4 Bxd4 17. Nf5 Be5 18. Qg4 Ng6 19. Rad1 Bc8 20. Bg5 Qc7 21. Ned6 Bxf5 22. Qxf5 Re6 23. Nb5 cxb5 24. Bxa8 h6 25. Bd5 Ne7 26. Bxe7 Rxe7 27. Rc1 h5 1-0

[Event "EICC 2017"]
[Site "Minsk"]
[Date "2017.06.05"]
[Round "6"]
[White "Kanmazalp, Ogulcan"]
[Black "Zhigalko, Andrey"]
[Result "1/2-1/2"]
[WhiteElo "2447"]
[BlackElo "2566"]
[Annotator "TA"]
[PlyCount "65"]
[EventDate "2017.??.??"]
[EventCountry "BLR"]
[SourceTitle "playchess.com"]
[Source "ChessBase"]
[SourceQuality "1"]

1. Nf3 Nf6 2. c4 e6 3. g3 d5 4. d4 Bb4+ 5. Nc3 O-O 6. Bg2 dxc4 7. a3 Be7 8. Ne5 Nc6 9. Bxc6 bxc6 10. Nxc6 Qe8 11. Nxe7+ Qxe7 12. Qa4 Bb7 13. O-O c5 14. Qxc4 cxd4 15. Qxd4 Rfd8 16. Qb4 Qxb4 17. axb4 Rd4 18. Ra4 Nd5 19. Nxd5 Rxd5 20. Be3 a6 21. Rc1 Rad8 22. f3 Rd1+ 23. Rxd1 Rxd1+ 24. Kf2 f6 25. Ra5 Rd5 26. Ra3 Kf7 27. Rc3 Ke8 28. Bb6 Rd6 29. Ba5 Rc6 30. Ke3 Kd7 31. g4 e5 32. Rxc6 e4 33. Kxe4 1/2-1/2

[Event "EICC 2017"]
[Site "Minsk"]
[Date "2017.06.06"]
[Round "7"]
[White "Duda, Jan-Krzysztof"]
[Black "Lopez Martinez, Josep Manuel"]
[Result "1-0"]
[WhiteElo "2693"]
[BlackElo "2597"]
[Annotator "TA"]
[PlyCount "135"]
[EventDate "2017.??.??"]
[EventCountry "BLR"]
[SourceTitle "playchess.com"]
[Source "ChessBase"]
[SourceQuality "1"]

1. e4 e6 2. d4 d5 3. Nd2 h6 4. c3 c5 5. exd5 exd5 6. Ngf3 Nf6 7. Bb5+ Bd7 8. Qe2+ Be7 9. dxc5 O-O 10. Nb3 Re8 11. Be3 a6 12. Bd3 Ba4 13. Nfd4 Nbd7 14. O-O Bxb3 15. axb3 Bxc5 16. Qd1 Qc7 17. Re1 Bd6 18. g3 Ne5 19. Be2 Rad8 20. Kg2 Qd7 21. Nf3 Nc6 22. Bf1 Qc7 23. Nd4 Ne5 24. f3 Bc5 25. Bf2 Bb6 26. Qd2 Nc6 27. Rec1 Bxd4 28. cxd4 Qb6 29. Rc3 Re7 30. Be2 Ne8 31. Bd1 Nc7 32. Rac1 Rde8 33. Rc5 a5 34. f4 f5 35. h4 Nb4 36. Bf3 Kh8 37. h5 Nb5 38. Bxd5 Nxd5 39. Rxd5 Re2 40. Qd3 Nd6 41. Rc2 R8e3 42. Qxe2 Rxe2 43. Rxe2 Qc6 44. Ree5 Kh7 45. Kg1 b6 46. Rxd6 Qxd6 47. d5 Qb4 48. Re2 b5 49. Kf1 Qxb3 50. Rd2 Qc4+ 51. Ke1 Qe4+ 52. Kd1 Qf3+ 53. Kc1 b4 54. d6 b3 55. Be1 Qh1 56. Kd1 Qxh5+ 57. Re2 Qf7 58. Bc3 Qd5+ 59. Rd2 Qh1+ 60. Ke2 Qg2+ 61. Ke3 Qxg3+ 62. Kd4 Qxf4+ 63. Kc5 a4 64. d7 Qe3+ 65. Kb5 a3 66. d8=Q a2 67. Qd7 Qxd2 68. Qxg7# 1-0

[Event "EICC 2017"]
[Site "Minsk"]
[Date "2017.06.06"]
[Round "7"]
[White "Fedoseev, Vladimir"]
[Black "Sivuk, Vitaly"]
[Result "1-0"]
[WhiteElo "2690"]
[BlackElo "2520"]
[Annotator "TA"]
[PlyCount "122"]
[EventDate "2017.??.??"]
[EventCountry "BLR"]
[SourceTitle "playchess.com"]
[Source "ChessBase"]
[SourceQuality "1"]

1. e4 e5 2. Nf3 Nc6 3. Bc4 Bc5 4. c3 Nf6 5. d3 O-O 6. Nbd2 a5 7. O-O d6 8. h3 h6 9. Re1 Re8 10. Nf1 Bb6 11. Ng3 Be6 12. Bb5 Bd7 13. d4 a4 14. Bxc6 Bxc6 15. Qc2 exd4 16. cxd4 d5 17. e5 Ne4 18. Be3 Nxg3 19. fxg3 Bb5 20. g4 Re6 21. g5 h5 22. g4 hxg4 23. hxg4 g6 24. Qh2 Kf8 25. Nh4 Ke7 26. Ng2 c5 27. dxc5 d4 28. cxb6 dxe3 29. Nf4 Qd2 30. Nxe6 Qxh2+ 31. Kxh2 Kxe6 32. Rxe3 Rd8 33. Rg1 Bc6 34. Re2 Rd4 35. Kg3 Rd3+ 36. Kf2 Rf3+ 37. Ke1 Rf4 38. Kd2 Bd5 39. a3 Rd4+ 40. Kc3 Rc4+ 41. Kd3 Rc6 42. Rf2 Kxe5 43. Re1+ Kd6 44. Re8 Bc4+ 45. Ke4 Bd5+ 46. Kf4 Kd7 47. Ra8 Bb3 48. Rd2+ Ke7 49. Rd4 Rxb6 50. Ra7 Ke6 51. Rb4 Rc6 52. Raxb7 Rc2 53. Kg3 Kd6 54. R4b6+ Kd5 55. Rxf7 Rxb2 56. Rxg6 Ra2 57. Rf5+ Ke4 58. Ra6 Rxa3 59. Kh4 Ra1 60. g6 a3 61. Rb5 Kf4 1-0

[Event "EICC 2017"]
[Site "Minsk"]
[Date "2017.06.06"]
[Round "7"]
[White "Howell, David W L"]
[Black "Melkumyan, Hrant"]
[Result "1-0"]
[WhiteElo "2684"]
[BlackElo "2613"]
[Annotator "TA"]
[PlyCount "115"]
[EventDate "2017.??.??"]
[EventCountry "BLR"]
[SourceTitle "playchess.com"]
[Source "ChessBase"]
[SourceQuality "1"]

1. c4 c6 2. Nc3 d5 3. d4 Nf6 4. cxd5 cxd5 5. Bf4 Nc6 6. e3 Bg4 7. Qb3 Na5 8. Qa4+ Bd7 9. Qc2 Rc8 10. Bd3 e6 11. Nf3 b5 12. a3 Be7 13. Qe2 a6 14. Ne5 O-O 15. O-O Qb6 16. a4 b4 17. Nb1 Ra8 18. Bg5 Be8 19. Nd2 h6 20. Bh4 Rc8 21. b3 Rc3 22. Rab1 Qc7 23. f3 Bd6 24. f4 Be7 25. Rfd1 Ne4 26. Bxe7 Qxe7 27. Bxe4 dxe4 28. Nxe4 Rxb3 29. Rxb3 Nxb3 30. Rb1 f6 31. Nc4 Bg6 32. Nxf6+ gxf6 33. Rxb3 Rc8 34. e4 Qd7 35. d5 exd5 36. exd5 Qxd5 37. Qg4 Rc7 38. Qxg6+ Rg7 39. Qe8+ Kh7 40. Qe2 Rxg2+ 41. Qxg2 Qd1+ 42. Kf2 Qxb3 43. Qe4+ Kg7 44. Nd6 Qc3 45. Qe7+ Kg8 46. Ne8 Qd4+ 47. Kg2 Qd5+ 48. Kg3 Qf7 49. Nxf6+ Kg7 50. Ne8+ Kg8 51. Nf6+ Kg7 52. Qxf7+ Kxf7 53. Nd5 b3 54. f5 b2 55. Nc3 h5 56. h4 Ke7 57. Kf4 Kd6 58. Ke4 1-0

[Event "EICC 2017"]
[Site "Minsk"]
[Date "2017.06.06"]
[Round "7"]
[White "Sargissian, Gabriel"]
[Black "Kryakvin, Dmitry"]
[Result "1/2-1/2"]
[WhiteElo "2650"]
[BlackElo "2560"]
[Annotator "TA"]
[PlyCount "123"]
[EventDate "2017.??.??"]
[EventCountry "BLR"]
[SourceTitle "playchess.com"]
[Source "ChessBase"]
[SourceQuality "1"]

1. c4 Nf6 2. Nc3 e6 3. Nf3 b6 4. g3 Bb7 5. Bg2 Be7 6. O-O O-O 7. Re1 c5 8. e4 d6 9. d4 cxd4 10. Nxd4 Qc7 11. Be3 a6 12. Rc1 Nbd7 13. Nd5 exd5 14. cxd5 Qb8 15. Nc6 Bxc6 16. dxc6 Nc5 17. e5 dxe5 18. c7 Qa7 19. Bxa8 Qxa8 20. b4 Ncd7 21. Qa4 b5 22. Qc2 Rc8 23. Red1 Qb7 24. a3 h6 25. Qc6 Qxc6 26. Rxc6 Kf8 27. Rdc1 Ne8 28. Rd1 Nef6 29. Kg2 Ke8 30. h3 Nf8 31. Rxa6 Ne6 32. Bb6 Ne4 33. Ba5 Nd4 34. Re1 f5 35. g4 Kd7 36. gxf5 Nd6 37. Rxe5 N4xf5 38. Rd5 g6 39. Rd3 Bf6 40. Bb6 Be5 41. a4 bxa4 42. b5 a3 43. Raxa3 Ke6 44. Ra5 Nc4 45. Ra6 Nfd6 46. Bd4 Bxd4 47. Rxd4 Rxc7 48. Rc6 Kd7 49. Rxc7+ Kxc7 50. Rf4 Kb6 51. Rf6 Kxb5 52. Rxg6 Nf7 53. Kg3 Ncd6 54. Re6 Kc6 55. Re2 Ng5 56. Kg4 Kd7 57. Ra2 Ke6 58. Ra6 Nge4 59. Kh5 Nxf2 60. h4 Ke5 61. Kg6 Ng4 62. Kh5 1/2-1/2

[Event "EICC 2017"]
[Site "Minsk"]
[Date "2017.06.06"]
[Round "7"]
[White "Bok, Benjamin"]
[Black "Navara, David"]
[Result "1/2-1/2"]
[WhiteElo "2598"]
[BlackElo "2739"]
[Annotator "TA"]
[PlyCount "38"]
[EventDate "2017.??.??"]
[EventCountry "BLR"]
[SourceTitle "playchess.com"]
[Source "ChessBase"]
[SourceQuality "1"]

1. d4 Nf6 2. c4 g6 3. g3 c6 4. Bg2 d5 5. cxd5 cxd5 6. Nf3 Bg7 7. Ne5 e6 8. Nc3 Nfd7 9. Nf3 Nc6 10. O-O O-O 11. Bf4 Nf6 12. Rc1 Bd7 13. Bd6 Re8 14. e3 Bf8 15. Bxf8 Rxf8 16. Qe2 Rc8 17. Rfd1 Qe7 18. Ne5 Rfd8 19. Nd3 Kg7 1/2-1/2

[Event "EICC 2017"]
[Site "Minsk"]
[Date "2017.06.06"]
[Round "7"]
[White "Michalik, Peter"]
[Black "Hakobyan, Aram"]
[Result "1/2-1/2"]
[WhiteElo "2558"]
[BlackElo "2449"]
[Annotator "TA"]
[PlyCount "83"]
[EventDate "2017.??.??"]
[EventCountry "BLR"]
[SourceTitle "playchess.com"]
[Source "ChessBase"]
[SourceQuality "1"]

1. e4 e6 2. d4 d5 3. Nc3 Bb4 4. exd5 exd5 5. Bd3 Nf6 6. Nge2 O-O 7. O-O Re8 8. Bg5 c6 9. Ng3 h6 10. Bf4 Bg4 11. Nce2 Bd6 12. f3 Be6 13. Qd2 c5 14. Bxd6 Qxd6 15. dxc5 Qxc5+ 16. Kh1 Nc6 17. c3 Rad8 18. Rfd1 Qb6 19. Bc2 Ne5 20. b3 Nc6 21. Nd4 Nxd4 22. Qxd4 Qxd4 23. Rxd4 Bd7 24. Kg1 Rc8 25. Rc1 g6 26. Bd3 Rc5 27. Kf2 Rec8 28. Ne2 Kg7 29. h4 h5 30. Ke1 Re8 31. Kd2 Bb5 32. Nf4 Bxd3 33. Rxd3 Kf8 34. g3 Re5 35. Re3 d4 36. Rxe5 dxc3+ 37. Rxc3 Rxe5 38. Rc7 Re7 39. Rxe7 Kxe7 40. Kd3 Kd6 41. Kd4 Nd7 42. Nd3 1/2-1/2

[Event "EICC 2017"]
[Site "Minsk"]
[Date "2017.06.06"]
[Round "7"]
[White "Goryachkina, Aleksandra"]
[Black "Bortnyk, Olexandr"]
[Result "0-1"]
[WhiteElo "2470"]
[BlackElo "2567"]
[Annotator "TA"]
[PlyCount "136"]
[EventDate "2017.??.??"]
[EventCountry "BLR"]
[SourceTitle "playchess.com"]
[Source "ChessBase"]
[SourceQuality "1"]

1. d4 Nf6 2. c4 b6 3. Nc3 Bb7 4. Qc2 e6 5. e4 Bb4 6. Bd3 c5 7. d5 b5 8. Nge2 exd5 9. exd5 bxc4 10. Bxc4 Nxd5 11. Qe4+ Qe7 12. O-O Qxe4 13. Nxe4 O-O 14. Nd6 Bc6 15. b3 Nb6 16. Bb2 Nxc4 17. bxc4 Na6 18. Ng3 f6 19. Rad1 Nc7 20. Ngf5 Kh8 21. h4 Ba4 22. Rd3 Bc2 23. Rg3 Ne6 24. Rc1 Ba4 25. h5 Bd2 26. Rf1 Bf4 27. Ra3 Bc6 28. Rd1 Rfb8 29. Ba1 h6 30. g3 Bxd6 31. Nxd6 Rb6 32. f3 Rab8 33. Kf2 Rb1 34. Rad3 Ba4 35. Rxb1 Rxb1 36. Bc3 Rh1 37. Kg2 Rc1 38. a3 Rc2+ 39. Kf1 Bc6 40. Nf5 Ng5 41. Nh4 d5 42. Bd2 d4 43. Rb3 Bxf3 44. Rxf3 Nxf3 45. Nxf3 Rxc4 46. Ke2 Rc2 47. Kd3 Ra2 48. Bc1 Rf2 49. Nd2 Rh2 50. Ne4 Rxh5 51. Bf4 Rh1 52. Nxc5 Rd1+ 53. Kc4 h5 54. Nd3 Ra1 55. Bd6 g5 56. Kxd4 Kg7 57. Ke4 Kf7 58. Bc5 a6 59. Bb4 Kg6 60. Bd6 Rd1 61. Bc5 Rh1 62. Nf2 Rg1 63. Bd6 f5+ 64. Kf3 f4 65. gxf4 g4+ 66. Ke2 h4 67. Bc5 Kf5 68. Nd1 Rxd1 0-1

[Event "EICC 2017"]
[Site "Minsk"]
[Date "2017.06.07"]
[Round "8"]
[White "Duda, Jan-Krzysztof"]
[Black "Mchedlishvili, Mikheil"]
[Result "1/2-1/2"]
[WhiteElo "2693"]
[BlackElo "2605"]
[Annotator "TA"]
[PlyCount "78"]
[EventDate "2017.??.??"]
[EventCountry "BLR"]
[SourceTitle "playchess.com"]
[Source "ChessBase"]
[SourceQuality "1"]

1. e4 c6 2. d4 d5 3. Nd2 dxe4 4. Nxe4 Bf5 5. Ng3 Bg6 6. h4 h6 7. Nf3 e6 8. Ne5 Bh7 9. Bd3 Bxd3 10. Qxd3 Nd7 11. f4 Bb4+ 12. c3 Be7 13. Nh5 Bxh4+ 14. Kd1 Bf6 15. Kc2 Qe7 16. a4 Rd8 17. Qf3 g6 18. Ng3 Qf8 19. Ra3 Qd6 20. Ne4 Qc7 21. g4 Be7 22. Rb3 Kf8 23. Be3 b6 24. c4 Kg7 25. Nxf7 Kxf7 26. f5 exf5 27. gxf5 g5 28. Bxg5 Bxg5 29. Nxg5+ hxg5 30. Rxh8 Ndf6 31. Rd3 Kg7 32. Rh1 g4 33. Qe3 Kf8 34. Qe5 Qf7 35. Kc3 Qd7 36. Rh8 Qg7 37. Rh2 Qd7 38. Rh8 Qg7 39. Rh2 Qd7 1/2-1/2

[Event "EICC 2017"]
[Site "Minsk"]
[Date "2017.06.08"]
[Round "9"]
[White "Howell, David W L"]
[Black "Demchenko, Anton"]
[Result "1/2-1/2"]
[WhiteElo "2684"]
[BlackElo "2629"]
[Annotator "TA"]
[PlyCount "31"]
[EventDate "2017.??.??"]
[EventCountry "BLR"]
[SourceTitle "playchess.com"]
[Source "ChessBase"]
[SourceQuality "1"]

1. e4 c5 2. c3 Nf6 3. e5 Nd5 4. Nf3 e6 5. d4 cxd4 6. cxd4 b6 7. Bc4 Ba6 8. Bxa6 Nxa6 9. O-O Be7 10. Nbd2 O-O 11. Ne4 Nac7 12. Bd2 f5 13. exf6 Nxf6 14. Nxf6+ gxf6 15. Ne1 Nd5 16. Nd3 1/2-1/2

[Event "EICC 2017"]
[Site "Minsk"]
[Date "2017.06.08"]
[Round "9"]
[White "Kobalia, Mikhail"]
[Black "Asadli, Vugar"]
[Result "1-0"]
[WhiteElo "2624"]
[BlackElo "2439"]
[Annotator "TA"]
[PlyCount "128"]
[EventDate "2017.??.??"]
[EventCountry "BLR"]
[SourceTitle "playchess.com"]
[Source "ChessBase"]
[SourceQuality "1"]

1. e4 e5 2. Nf3 Nc6 3. Bb5 a6 4. Ba4 Nf6 5. O-O Be7 6. Re1 b5 7. Bb3 O-O 8. a4 b4 9. d4 d6 10. dxe5 dxe5 11. Nbd2 Bc5 12. Qe2 Qd6 13. Nc4 Qe7 14. Ne3 Nd4 15. Nxd4 Bxd4 16. Qf3 a5 17. Rb1 Ra6 18. Nf5 Bxf5 19. Qxf5 Qd7 20. Be3 Bxe3 21. Rxe3 Rd6 22. h3 Re8 23. c3 Rd2 24. cxb4 axb4 25. Qxd7 Nxd7 26. Rc1 c5 27. Bc4 Rxb2 28. Bb5 Re7 29. Rd3 Nf8 30. Rxc5 g6 31. Bc4 Kg7 32. Rb3 Rc2 33. Rxb4 Rd7 34. Rd5 Rc7 35. Bd3 Ra2 36. g3 Nd7 37. Bc4 Rc2 38. Bb5 Nf6 39. Rxe5 Ra2 40. Rb3 Rc1+ 41. Kg2 Re1 42. Rf3 Raa1 43. Re3 Rg1+ 44. Kf3 h5 45. Rc5 h4 46. e5 Nh7 47. Kg4 hxg3 48. fxg3 Nf8 49. Rc4 Rgd1 50. Rf3 Ne6 51. Be8 Nd8 52. h4 Re1 53. Rd4 Ne6 54. Rxf7+ Kg8 55. Rd6 Rxe5 56. Rf6 Re4+ 57. Kf3 Ng5+ 58. hxg5 Rxe8 59. Rxg6+ Kh7 60. Rh6+ Kg7 61. Rd7+ Kg8 62. Rg6+ Kf8 63. Rf6+ Kg8 64. Ra7 Rae1 1-0

[Event "EICC 2017"]
[Site "Minsk"]
[Date "2017.06.08"]
[Round "9"]
[White "Stremavicius, Titas"]
[Black "Smirin, Ilia"]
[Result "1-0"]
[WhiteElo "2448"]
[BlackElo "2676"]
[Annotator "TA"]
[PlyCount "96"]
[EventDate "2017.??.??"]
[EventCountry "BLR"]
[SourceTitle "playchess.com"]
[Source "ChessBase"]
[SourceQuality "1"]

1. d4 Nf6 2. c4 g6 3. Nc3 Bg7 4. e4 d6 5. Nf3 O-O 6. Be2 e5 7. dxe5 dxe5 8. Qxd8 Rxd8 9. Bg5 Re8 10. Nd5 Nxd5 11. cxd5 c6 12. Bc4 cxd5 13. Bxd5 Na6 14. O-O-O Nc7 15. Bb3 Be6 16. Nd2 a5 17. Kb1 a4 18. Bc4 b5 19. Be2 Reb8 20. Rc1 Rb7 21. Ka1 f5 22. f3 Bf7 23. Rhd1 a3 24. b3 Ne6 25. Be3 Rd8 26. Nb1 Nd4 27. Nc3 Bf6 28. Bxb5 f4 29. Bxd4 Rxd4 30. Kb1 Rxd1 31. Rxd1 Kf8 32. Rd7 Rb8 33. Ra7 Be7 34. Bc6 Bc4 35. Nd5 Bxd5 36. exd5 h5 37. Kc2 Bc5 38. Rd7 Rb4 39. Rd8+ Kg7 40. d6 Rd4 41. d7 Kf6 42. Rc8 Be7 43. b4 Rxb4 44. Bd5 Rb2+ 45. Kd3 Rxg2 46. h4 e4+ 47. fxe4 Rh2 48. Re8 Bf8 1-0

[Event "EICC 2017"]
[Site "Minsk"]
[Date "2017.06.08"]
[Round "9"]
[White "Birnboim, Nathan"]
[Black "Sturua, Zurab"]
[Result "0-1"]
[WhiteElo "2358"]
[BlackElo "2555"]
[Annotator "TA"]
[PlyCount "83"]
[EventDate "2017.??.??"]
[EventCountry "BLR"]
[SourceTitle "playchess.com"]
[Source "ChessBase"]
[SourceQuality "1"]

1. Nf3 Nf6 2. c4 e6 3. g3 a6 4. Bg2 b5 5. b3 Bb7 6. O-O Be7 7. d3 c5 8. Na3 Qb6 9. e4 Nc6 10. e5 Ng4 11. Re1 f6 12. d4 cxd4 13. exf6 Nxf6 14. cxb5 axb5 15. Nc2 O-O 16. Nfxd4 Nxd4 17. Nxd4 Bxg2 18. Kxg2 Bb4 19. Re2 Qb7+ 20. f3 Nd5 21. Qd3 Bc3 22. Bb2 Bxb2 23. Rxb2 b4 24. Rd2 Rac8 25. Re1 Qb6 26. h4 Rf4 27. Re4 Rf6 28. Rc2 Rff8 29. Ree2 Qa7 30. Rc4 Qa6 31. Qc2 Nc3 32. Rxc8 Rxc8 33. Rd2 Nd5 34. Qe4 Rc5 35. Qe2 Qc8 36. Kf2 Nc3 37. Qe3 Rd5 38. Kg2 Qc5 39. Qf2 Qd6 40. Kf1 e5 41. Kg2 g6 42. Kf1 0-1

[Event "EICC 2017"]
[Site "Minsk"]
[Date "2017.06.09"]
[Round "10"]
[White "Motylev, Alexander"]
[Black "Erdos, Viktor"]
[Result "1/2-1/2"]
[WhiteElo "2665"]
[BlackElo "2614"]
[Annotator "TA"]
[PlyCount "46"]
[EventDate "2017.??.??"]
[EventCountry "BLR"]
[SourceTitle "playchess.com"]
[Source "ChessBase"]
[SourceQuality "1"]

1. e4 e5 2. Nf3 Nc6 3. Bb5 a6 4. Ba4 Nf6 5. O-O Be7 6. Re1 b5 7. Bb3 d6 8. c3 O-O 9. h3 Re8 10. d4 Bb7 11. Nbd2 Bf8 12. a3 h6 13. Bc2 Nb8 14. b4 Nbd7 15. Bb2 c5 16. bxc5 exd4 17. cxd6 dxc3 18. Bxc3 Bxd6 19. e5 Nd5 20. Bb2 Bc7 21. Rc1 Nf4 22. Bf5 Nb6 23. Qc2 Re7 1/2-1/2

[Event "EICC 2017"]
[Site "Minsk"]
[Date "2017.06.09"]
[Round "10"]
[White "Pavlidis, Antonios"]
[Black "Elistratov, Semen"]
[Result "1/2-1/2"]
[WhiteElo "2540"]
[BlackElo "2417"]
[Annotator "TA"]
[PlyCount "88"]
[EventDate "2017.??.??"]
[EventCountry "BLR"]
[SourceTitle "playchess.com"]
[Source "ChessBase"]
[SourceQuality "1"]

1. e4 c5 2. Nf3 d6 3. d4 cxd4 4. Nxd4 Nf6 5. Nc3 a6 6. Be3 e5 7. Nb3 Be6 8. f3 h5 9. Qd2 Nbd7 10. O-O-O Be7 11. Kb1 Rc8 12. g3 b5 13. Nd5 Bxd5 14. exd5 Nb6 15. Bxb6 Qxb6 16. Bh3 Rc4 17. Rhe1 O-O 18. Bf1 Rc7 19. f4 e4 20. Bg2 Rfc8 21. Bxe4 Nxe4 22. Rxe4 Rxc2 23. Qxc2 Rxc2 24. Kxc2 Bf6 25. Nc1 Qc5+ 26. Kb1 a5 27. a3 Qf2 28. Re2 Qb6 29. Rd3 b4 30. a4 Qb7 31. Rc2 Qd7 32. Rc6 Kh7 33. Ka2 Be7 34. Nb3 Bd8 35. Nd4 Bf6 36. Nb3 Bd8 37. Rd2 Be7 38. Nd4 Qa7 39. Kb3 Bf6 40. Kc4 Qe7 41. Re2 Qa7 42. Rd2 Qe7 43. Re2 Qa7 44. Rd2 Qd7 1/2-1/2

[Event "EICC 2017"]
[Site "Minsk"]
[Date "2017.06.10"]
[Round "11"]
[White "Jones, Gawain C B"]
[Black "Ter-Sahakyan, Samvel"]
[Result "1/2-1/2"]
[WhiteElo "2654"]
[BlackElo "2598"]
[Annotator "TA"]
[PlyCount "99"]
[EventDate "2017.??.??"]
[EventCountry "BLR"]
[SourceTitle "playchess.com"]
[Source "ChessBase"]
[SourceQuality "1"]

1. e4 c5 2. Nf3 d6 3. Bb5+ Nd7 4. a4 Ngf6 5. Nc3 g6 6. a5 Bg7 7. O-O O-O 8. Re1 a6 9. Bc4 Ng4 10. d4 cxd4 11. Nxd4 Nde5 12. Bb3 Nc6 13. Nxc6 bxc6 14. Bg5 h6 15. Bh4 g5 16. Bg3 Ne5 17. h4 gxh4 18. Bxh4 Kh7 19. Bg3 Ng6 20. Ra4 e5 21. Rb4 Qg5 22. Rb6 h5 23. Rxc6 h4 24. Bh2 Bg4 25. f3 Be6 26. Rxd6 Rad8 27. Bxe6 fxe6 28. Kh1 Rxd6 29. Qxd6 h3 30. Rg1 Qh5 31. Qxe6 Rxf3 32. gxh3 Rxh3 33. Qxg6+ Qxg6 34. Rxg6 Kxg6 35. Nd5 Rh4 36. Nc3 Bh6 37. Kg2 Bf4 38. Bxf4 exf4 39. Nd5 Kg5 40. b4 Rh6 41. Kf3 Rh3+ 42. Kg2 Kg4 43. Nf6+ Kh4 44. c4 f3+ 45. Kf2 Kg5 46. e5 Kf5 47. Ke3 Kxe5 48. Nd7+ Kd6 49. Nc5 Rh4 50. Kxf3 1/2-1/2

[Event "EICC 2017"]
[Site "Minsk"]
[Date "2017.06.10"]
[Round "11"]
[White "Kravtsiv, Martyn"]
[Black "Mikaelyan, Arman"]
[Result "1-0"]
[WhiteElo "2653"]
[BlackElo "2444"]
[Annotator "TA"]
[PlyCount "97"]
[EventDate "2017.??.??"]
[EventCountry "BLR"]
[SourceTitle "playchess.com"]
[Source "ChessBase"]
[SourceQuality "1"]

1. e4 Nf6 2. e5 Nd5 3. d4 d6 4. c4 Nb6 5. exd6 exd6 6. Nc3 Be7 7. Nf3 O-O 8. Bd3 Bg4 9. O-O Nc6 10. h3 Bh5 11. Be3 Bf6 12. g4 Bg6 13. g5 Be7 14. Bxg6 hxg6 15. d5 Ne5 16. Nxe5 dxe5 17. Qg4 Qd7 18. b3 Qxg4+ 19. hxg4 Nd7 20. Rad1 Bd6 21. Kg2 f5 22. gxf6 gxf6 23. Rh1 b6 24. Rh3 f5 25. Rdh1 f4 26. Bc1 Nf6 27. Kf3 Kg7 28. Ne4 Nxe4 29. Kxe4 Kf6 30. Rh7 a5 31. Bd2 Rab8 32. f3 Rg8 33. Bc3 Rbe8 34. R1h2 Rg7 35. g5+ Kf7 36. Rh8 Ke7 37. Bxe5 Bxe5 38. Rxe8+ Kxe8 39. Kxe5 Ke7 40. Rh4 Rf7 41. Rxf4 Rh7 42. Rf6 Rh2 43. Rxg6 Re2+ 44. Kf5 Rxa2 45. Re6+ Kd7 46. g6 Rg2 47. Kf6 Rg3 48. Re3 Rxf3+ 49. Rxf3 1-0

[Event "EICC 2017"]
[Site "Minsk"]
[Date "2017.06.10"]
[Round "11"]
[White "Ivanisevic, Ivan"]
[Black "Kryakvin, Dmitry"]
[Result "*"]
[WhiteElo "2638"]
[BlackElo "2560"]
[Annotator "TA"]
[PlyCount "31"]
[EventDate "2017.??.??"]
[EventCountry "BLR"]
[SourceTitle "playchess.com"]
[Source "ChessBase"]
[SourceQuality "1"]

1. e4 c5 2. Nf3 d6 3. c3 Nf6 4. g3 Nc6 5. d3 g6 6. Bg2 Bg7 7. O-O O-O 8. a3 Rb8 9. b4 b5 10. bxc5 dxc5 11. e5 Nd5 12. d4 c4 13. Nfd2 Bf5 14. Qf3 e6 15. Ne4 Bxe4 16. Qxe4 *